|
|
|
|
| LEADER |
01240nam a22002297a 4500 |
| 001 |
29261 |
| 003 |
BD-DhAAL |
| 005 |
20260128105709.0 |
| 008 |
150809s1980 bg ||||| |||| 00| 0 eng d |
| 040 |
|
|
|a BD-DhAAL
|c BD-DhAAL
|
| 082 |
|
|
|2 22
|a 305.4/2/095492
|
| 245 |
|
|
|a Pabna baseline survey
|g 1981,
|n Volume I & II.
|
| 260 |
|
|
|a Dhaka :
|b Research and Evaluation Division, Bangladesh Rural Advancement Committee,
|c 1981.
|
| 300 |
|
|
|a 133 pages :
|c 34 cm.
|
| 541 |
|
|
|a Complimentary copy from BRAC
|e 29261
|
| 650 |
|
|
|a BRAC (Bangladesh Rural Advancement Committee).
|9 7235
|
| 710 |
|
|
|a Bangladesh Rural Advancement Committee,
|b Research and Evaluation Division.
|9 12971
|
| 852 |
|
|
|a Ayesha Abed Library
|b General Stacks
|
| 942 |
|
|
|2 ddc
|c BK
|
| 999 |
|
|
|c 35178
|d 35178
|
| 952 |
|
|
|0 0
|1 0
|2 ddc
|4 0
|6 305_420954920000000_PAB
|7 1
|8 RPT
|9 55149
|a BRACUL
|b BRACUL
|c BRS
|d 2015-08-09
|e Complimentary copy from BRAC
|l 1
|o 305.42095492 PAB
|p 3010029261
|r 2025-12-30
|s 2025-03-23
|t 1
|w 2015-08-09
|y BK
|x BRAC ; price not available in register
|
| 952 |
|
|
|0 0
|1 0
|2 ddc
|4 0
|6 305_420954920000000_PAB
|7 1
|8 RPT
|9 55465
|a BRACUL
|b BRACUL
|c BRS
|d 2015-08-19
|e Complimentary copy from BRAC
|l 1
|o 305.42095492 PAB
|p 3010029262
|r 2025-12-30
|s 2025-03-23
|t 2
|w 2015-08-19
|y BK
|x BRAC ; price not available in register
|